Normal view MARC view

Entry Nombre personal

Number of records used in: 1

001 - NÚMERO DE CONTROL

  • campo de control: 34034

003 - IDENTIFICADOR DE NÚMERO DE CONTROL

  • campo de control: SpMaBN

005 - FECHA Y HORA DE LA ÚLTIMA TRANSACCIÓN

  • campo de control: 20250904033728.0

008 - ELEMENTOS DE DATO DE LONGITUD-FIJA

  • campo de control de longitud fija: 900725nn ainnnaabn a aaa

016 ## - NÚMERO DE CONTROL DE UNA AGENCIA BIBLIOGRÁFICA NACIONAL

  • Número de control del registro: BNE19973230570

024 7# - IDENTIFICADOR DE OTROS ESTÁNDARES

  • Número estándar o código: http://www.wikidata.org/entity/Q11922714
  • Fuente: wikidata

024 7# - IDENTIFICADOR DE OTROS ESTÁNDARES

  • Número estándar o código: http://viaf.org/viaf/99705940/
  • Fuente: viaf

024 7# - IDENTIFICADOR DE OTROS ESTÁNDARES

  • Número estándar o código: https://isni.org/isni/0000000108038335
  • Fuente: isni

040 ## - FUENTE DE CATALOGACIÓN

  • Centro catalogador/agencia de origen: SpMaBN
  • Lengua de catalogación: spa
  • Centro/agencia transcriptor: SpMaBN
  • Normas de descripción: rdc
  • Convención/Normas de encabezamiento de materia/tesauro: embne

100 1# - ENCABEZAMIENTO-NOMBRE DE PERSONA

  • Nombre de persona: Cambouliu, François Romain,
  • Fechas asociadas al nombre: 1820-1869

370 ## - LUGAR ASOCIADO

  • Lugar de nacimiento: Francia, Languedoc-Rosellón, Pyrénées-Orientales, Amélie-les-Bains-Palalda

372 ## - CAMPO DE ACTIVIDAD

  • Campo de actividad: Literatura antigua
  • Fuente del término: embne

374 ## - OCUPACIÓN

  • Ocupación: Profesores universitarios

375 ## - GÉNERO/SEXO

  • Género: Masculino

377 ## - IDIOMA ASOCIADO

  • Término de lengua/lenguaje: Francés
  • Término de lengua/lenguaje: Latín

400 1# - TRAZADO DE VÉASE--NOMBRE DE PERSONA

  • Nombre de persona: Cambouliu, F.-R.,
  • Fechas asociadas al nombre: 1820-1869

670 ## - FUENTE DE DATOS ENCONTRADOS

  • Cita de la fuente: Essai sur l'histoire de la littérature catalane, 1842
  • Información encontrada: portada (F.-R. Cambouliu)

670 ## - FUENTE DE DATOS ENCONTRADOS

  • Cita de la fuente: WWW BnF aut., 16-5-2020
  • Información encontrada: (Cambouliu, François Romain; nacido en Palalda (Pirineos Orientales) en 1820, fallecido en 1869; profesor de Literatura antigua en la Universidad de Montpellier; escribió en francés y en latín)
  • Identificador Uniforme de Recursos: https://catalogue.bnf.fr/ark:/12148/cb10627827j